000 005940000a22002050004500
003 LK-CoMWRAF
005 20230921113629.0
008 230817t2005 ||||| |||| 00| 0 eng d
020 _a9551266080
040 _aLK-CoMWRAF
_dLK-CoMWRAF
_eLK-CoMWRAF
041 _aeng
082 _a320.5493
_bMUK
100 _aMukarji, Apratim
245 _aSri Lanka:
_bA Dangerous Interlude
260 _aColombo:
_bVijitha Yapa,
_c2005
300 _axli, 294 p. ; 23 cm.
_bGlossary and index included
650 _aPOLITICS AND GOVERNMENT-Sri Lanka
650 _aForeign relations-Sri Lanka
942 _cBK
999 _c1157
_d1157